[Event "SR 3. liga A2 2013/2014"]
[Site "?"]
[Date "2014.02.02"]
[Round "8.1"]
[White "Slobodnik, Michal"]
[Black "Kovacocy, Pavel"]
[Result "1/2-1/2"]
[WhiteElo "1891"]
[BlackElo "2198"]
[PlyCount "296"]
[EventDate "2013.??.??"]

1. e4 c5 2. d4 cxd4 3. c3 g6 4. Nf3 Bg7 5. Bc4 Nc6 6. O-O d6 7. cxd4 Nf6 8. e5
dxe5 9. dxe5 Qxd1 10. Rxd1 Ng4 11. Bf4 Ngxe5 12. Nxe5 Bxe5 13. Bxe5 Nxe5 14.
Bb5+ Bd7 15. Nc3 Rc8 16. Rxd7 Nxd7 17. Rd1 Rd8 18. Nd5 e6 19. Nf6+ Ke7 20. Nxd7
a6 21. Ba4 b5 22. Ne5 Rxd1+ 23. Bxd1 Rc8 24. Kf1 f6 25. Nd3 e5 26. f3 Kd6 27.
Ke2 a5 28. a4 bxa4 29. Bxa4 f5 30. Kd2 g5 31. Nc1 g4 32. fxg4 fxg4 33. Bc2 h5
34. Ne2 Kd5 35. Nc3+ Kd4 36. Nb5+ Kc5 37. Nc3 Rb8 38. Kd3 Rf8 39. Ne4+ Kb4 40.
Ke2 Kc4 41. Nd2+ Kd5 42. Ke3 Rb8 43. b3 Kc5 44. Bg6 h4 45. Bf7 Kd6 46. Ne4+ Ke7
47. Bc4 Rc8 48. Nc3 Rd8 49. Nd5+ Kd6 50. Nf6 Kc5 51. Be6 g3 52. hxg3 hxg3 53.
Ne4+ Kb4 54. Nxg3 Rd6 55. Bf7 Rd7 56. Be6 Rg7 57. Nf5 Rxg2 58. Ke4 Re2+ 59. Kd3
Re1 60. Ne3 Rh1 61. Nc2+ Kc5 62. Ne3 Rh4 63. Nc4 Rh6 64. Bf5 Kb4 65. Nd2 Rd6+
66. Kc2 Rc6+ 67. Kd3 Rd6+ 68. Kc2 Rf6 69. Bd7 Rf2 70. Bc6 Kc5 71. Ba4 Kd4 72.
Kc1 e4 73. Nc4 Kc3 74. Kd1 Rf5 75. Ke2 Kd4 76. Nd6 Rh5 77. Nb5+ Kc5 78. Na3
Rh2+ 79. Ke3 Rh3+ 80. Ke2 Kd4 81. Nb5+ Kc5 82. Kd2 Rd3+ 83. Ke2 Rg3 84. Kd2 Kd5
85. Nc3+ Ke5 86. Ne2 Rd3+ 87. Kc2 Rd5 88. Be8 e3 89. Kc1 Rd2 90. Bb5 Rd6 91.
Kc2 Ke4 92. Bd3+ Kf3 93. Nc3 Rd8 94. Ne2 Rh8 95. Kc3 Rc8+ 96. Kd4 Rb8 97. Kc3
Kf2 98. Nd4 Rd8 99. Ne2 Ke1 100. Nd4 Rh8 101. Nc2+ Kf2 102. Nd4 Rh1 103. Kc2
Ra1 104. Kb2 Rd1 105. Kc2 Rd2+ 106. Kc3 Ra2 107. Bc4 Rd2 108. Bd3 Rd1 109. Kc2
Ra1 110. Kb2 Rh1 111. Kc3 Rh4 112. Ne2 Ke1 113. Nd4 Rh8 114. Nc2+ Kf2 115. Nd4
Re8 116. Ne2 Rc8+ 117. Kd4 Rc7 118. Nc3 Rd7+ 119. Kc4 Rc7+ 120. Kd4 Rc8 121.
Nd1+ Kf3 122. Nc3 Rd8+ 123. Kc4 Rb8 124. Ne2 Rh8 125. Kc3 Rh2 126. Nd4+ Kf4
127. Ne2+ Ke5 128. Kc2 Rh8 129. Bc4 Rd8 130. Bd3 Rc8+ 131. Kb2 Kd5 132. Bb1 Rc5
133. Bd3 Kc6 134. Nd4+ Kb6 135. Ne2 Rc8 136. Bc4 Kc5 137. Kc3 Rd8 138. Bd3 Rd7
139. Ng3 Rc7 140. Ne2 Rd7 141. Nf4 Rf7 142. Ne2 Rf8 143. Ng3 Rf3 144. Ne2 Rf1
145. Bc4 Rd1 146. Bd3 Rd2 147. Ng3 Ra2 148. Ne2 Ra1 1/2-1/2

[Event "SR 3. liga A2 2013/2014"]
[Site "?"]
[Date "2014.02.02"]
[Round "8.1"]
[White "Machalova, Erika"]
[Black "Lezovic, Maros"]
[Result "1-0"]
[WhiteElo "2096"]
[BlackElo "1790"]
[PlyCount "119"]
[EventDate "2013.??.??"]

1. d4 d5 2. c4 c6 3. Nc3 Nf6 4. Nf3 Bf5 5. Bg5 Nbd7 6. cxd5 Nxd5 7. Nxd5 cxd5
8. Qb3 f6 9. Bd2 Nb6 10. e3 Rc8 11. Ba5 Bd7 12. Bd3 e6 13. O-O Bd6 14. Bxb6
Qxb6 15. e4 Qxb3 16. axb3 a6 17. exd5 exd5 18. Nh4 Kf7 19. Nf5 Bb4 20. Ne3 Bc6
21. Be2 Rcd8 22. Bf3 g6 23. h4 Rhe8 24. Rfd1 Re7 25. g3 Ke6 26. Kg2 Kd6 27. Nc2
a5 28. Nxb4 axb4 29. Ra7 Rde8 30. Rc1 Re1 31. Raa1 Rxc1 32. Rxc1 h6 33. Rd1 Bb5
34. Ra1 f5 35. Ra5 Bc6 36. Ra1 Rh8 37. Re1 Ra8 38. Re2 Bb5 39. Re5 Bc6 40. h5
Re8 41. hxg6 Rxe5 42. dxe5+ Ke6 43. Kf1 b6 44. Bh5 Be8 45. f4 Ke7 46. Ke1 Bd7
47. g7 Be6 48. Bg6 Bg8 49. Kd2 Ke6 50. Kd3 Ke7 51. Bxf5 Kf7 52. Kd4 Kxg7 53.
Bg4 Kg6 54. Bf3 Bf7 55. Bxd5 Be8 56. Be4+ Kh5 57. Bf5 Bc6 58. e6 b5 59. Ke5 Bd5
60. g4+ 1-0

[Event "SR 3. liga A2 2013/2014"]
[Site "?"]
[Date "2014.02.02"]
[Round "8.1"]
[White "Likavska, Barbora"]
[Black "Sarmir, Milos"]
[Result "0-1"]
[WhiteElo "1870"]
[BlackElo "2075"]
[PlyCount "54"]
[EventDate "2013.??.??"]

1. d4 Nf6 2. c4 e6 3. Nc3 d5 4. Nf3 Be7 5. e3 O-O 6. Bd3 dxc4 7. Bxc4 b6 8. O-O
Bb7 9. Qe2 Nbd7 10. Rd1 Ne4 11. Nxe4 Bxe4 12. b3 Bf6 13. Ba3 Be7 14. Bxe7 Qxe7
15. Bd3 Bb7 16. Rac1 c5 17. Bb1 Rac8 18. Qd3 g6 19. Qe2 Qf6 20. dxc5 Nxc5 21.
b4 Na4 22. Rxc8 Rxc8 23. Re1 Nc3 24. Qd3 Bxf3 25. gxf3 Qxf3 26. Qd2 Rc4 27. e4
Ne2+ 0-1

[Event "SR 3. liga A2 2013/2014"]
[Site "?"]
[Date "2014.02.02"]
[Round "8.1"]
[White "Vagovsky, Jozef"]
[Black "Horecky, Peter"]
[Result "0-1"]
[WhiteElo "1930"]
[BlackElo "1697"]
[PlyCount "60"]
[EventDate "2013.??.??"]

1. d4 Nf6 2. Nf3 g6 3. c4 Bg7 4. g3 O-O 5. Bg2 d6 6. Nc3 Nc6 7. O-O a6 8. h3
Na5 9. Qd3 c5 10. d5 Rb8 11. e4 b5 12. Nd2 Bd7 13. Kh2 Nxc4 14. Nxc4 bxc4 15.
Qxc4 Bb5 16. Nxb5 axb5 17. Qe2 Nd7 18. f4 Nb6 19. Bd2 Bxb2 20. Rab1 Nc4 21. a4
Nxd2 22. Qxd2 Ba3 23. axb5 Bb4 24. Rxb4 cxb4 25. Qxb4 Qb6 26. Rb1 Rfc8 27. Qd2
Rc5 28. Bf1 Rbc8 29. Bd3 Rc3 30. Rd1 Rxd3 0-1

[Event "SR 3. liga A2 2013/2014"]
[Site "?"]
[Date "2014.02.02"]
[Round "8.1"]
[White "Vagovic, Milan"]
[Black "Vlkovic, Pavol"]
[Result "0-1"]
[WhiteElo "1702"]
[BlackElo "1819"]
[PlyCount "118"]
[EventDate "2013.??.??"]

1. d4 g6 2. c4 Bg7 3. Nf3 Nf6 4. e3 d6 5. Nc3 O-O 6. Qc2 c6 7. g3 a5 8. b3 Na6
9. a3 Qc7 10. Bb2 e5 11. dxe5 dxe5 12. Bg2 h6 13. O-O Nh7 14. e4 Be6 15. Rac1
Rfd8 16. Nb1 Nc5 17. Rcd1 g5 18. h3 g4 19. hxg4 Bxg4 20. Rxd8+ Rxd8 21. Nbd2 f6
22. Bc3 b6 23. Kh2 Qd7 24. b4 axb4 25. axb4 Ne6 26. Ra1 Nhg5 27. Ng1 Qf7 28.
Ngf3 Nd4 29. Bxd4 exd4 30. Nh4 d3 31. Qa2 f5 32. f3 Bxa1 33. Qxa1 fxe4 34. fxg4
e3 35. Bxc6 Qf2+ 36. Kh1 exd2 37. Nf3 Nxf3 38. Bd5+ Rxd5 39. Qa8+ Kg7 40. Qb7+
Kf6 41. Qc6+ Ke5 42. Qxd5+ Kf6 43. Qf5+ Ke7 44. Qh7+ Ke8 45. Qg6+ Ke7 46. Qh7+
Kd6 47. Qg6+ Ke5 48. Qg7+ Ke4 49. Qg6+ Ke3 50. Qe6+ Ne5 51. Qxe5+ Kf3 52. Qf4+
Ke2 53. Qe4+ Qe3 54. Qg2+ Kd1 55. Qa8 Qxg3 56. b5 Qh3+ 57. Kg1 Ke2 58. Qa2 Ke3
59. Qa1 Qxg4+ 0-1

[Event "SR 3. liga A2 2013/2014"]
[Site "?"]
[Date "2014.02.02"]
[Round "8.1"]
[White "Hornak, Pavol"]
[Black "Capanda, Jan"]
[Result "1-0"]
[WhiteElo "1750"]
[BlackElo "1466"]
[PlyCount "79"]
[EventDate "2013.??.??"]

1. d4 f5 2. c4 b6 3. Nf3 Bb7 4. g3 Nf6 5. Bg2 e6 6. O-O c5 7. e3 cxd4 8. exd4
Be7 9. Nbd2 O-O 10. b3 f4 11. Bb2 Na6 12. a3 Qe8 13. Ne5 Bxg2 14. Kxg2 Rc8 15.
Nd3 fxg3 16. fxg3 Qg6 17. Nf4 Qh6 18. Qe2 Bd6 19. c5 Bxf4 20. Rxf4 Nc7 21. b4
Ncd5 22. Rh4 Qxh4 23. gxh4 Nf4+ 24. Kf3 Nxe2 25. Kxe2 Nd5 26. Nf3 Rf4 27. Bc1
Rff8 28. Bd2 d6 29. Rc1 dxc5 30. dxc5 bxc5 31. bxc5 e5 32. Ng5 Rc6 33. Ne4 Nf4+
34. Ke3 Ng2+ 35. Kd3 Nxh4 36. Kc4 Nf3 37. Kd5 Nxd2 38. Nxd2 Rxc5+ 39. Rxc5 Rd8+
40. Ke6 1-0

[Event "SR 3. liga A2 2013/2014"]
[Site "?"]
[Date "2014.02.02"]
[Round "8.2"]
[White "Pribila, Gerhard"]
[Black "Kapusta, Petr"]
[Result "0-1"]
[WhiteElo "2076"]
[BlackElo "2139"]
[PlyCount "106"]
[EventDate "2013.??.??"]

1. e4 c5 2. c3 d5 3. exd5 Qxd5 4. d4 e5 5. dxe5 Qxd1+ 6. Kxd1 Nc6 7. f4 Bg4+ 8.
Be2 O-O-O+ 9. Ke1 Bf5 10. Nf3 f6 11. Na3 Nge7 12. exf6 gxf6 13. Nc4 Nd5 14. Ne3
Be4 15. Nxd5 Rxd5 16. Kf2 Bh6 17. Rd1 Ne7 18. Rxd5 Nxd5 19. g3 Re8 20. Nd2 Bg6
21. Nc4 Bf8 22. Ne3 Nc7 23. Bd2 b5 24. Bg4+ Kb8 25. Bf5 c4 26. Bxg6 hxg6 27.
Nc2 Nd5 28. Re1 Bc5+ 29. Kf3 Rd8 30. Re2 f5 31. Nd4 Bxd4 32. cxd4 b4 33. Re5 c3
34. bxc3 bxc3 35. Bc1 Nf6 36. Rc5 Ne4 37. Rc4 Rh8 38. h4 Kb7 39. Be3 Re8 40.
Rb4+ Kc6 41. Ra4 Kb5 42. Rxa7 Kc4 43. Bc1 Kd3 44. Ba3 Nd2+ 45. Kf2 Re2+ 46. Kg1
Nf3+ 47. Kf1 Rxa2 48. d5 c2 49. d6 c1=Q+ 50. Bxc1 Rxa7 51. Bb2 Rd7 52. Kg2 Kc4
53. Ba3 Nd4 0-1

[Event "SR 3. liga A2 2013/2014"]
[Site "?"]
[Date "2014.02.02"]
[Round "8.2"]
[White "Berger, Patrik"]
[Black "Ambros, Rafael"]
[Result "1-0"]
[WhiteElo "1924"]
[BlackElo "2009"]
[PlyCount "45"]
[EventDate "2013.??.??"]

1. e4 c5 2. Nf3 Nc6 3. d4 cxd4 4. Nxd4 g6 5. Nc3 Bg7 6. Be3 Nf6 7. Nxc6 bxc6 8.
e5 Ng8 9. Bd4 Nh6 10. e6 f6 11. exd7+ Qxd7 12. Bc4 Nf5 13. Bc5 Nd6 14. Bb3 Nb7
15. Bb4 Qg4 16. Qxg4 Bxg4 17. f3 Bd7 18. O-O-O e5 19. Bf7+ Kxf7 20. Rxd7+ Ke6
21. Re7+ Kf5 22. Rxg7 Nd8 23. Ne4 1-0

[Event "SR 3. liga A2 2013/2014"]
[Site "?"]
[Date "2014.02.02"]
[Round "8.2"]
[White "Kocak, Branislav"]
[Black "Kubis, Ivan"]
[Result "1/2-1/2"]
[WhiteElo "1912"]
[BlackElo "1992"]
[PlyCount "41"]
[EventDate "2013.??.??"]

1. d4 Nf6 2. Nf3 e6 3. Bf4 d5 4. e3 Bd6 5. Ne5 O-O 6. Bd3 b6 7. Nd2 Bb7 8. c3
Nbd7 9. Qc2 h6 10. Qa4 Bxe5 11. dxe5 Nh5 12. Be2 Nxf4 13. exf4 c5 14. Bf3 Qc7
15. O-O f6 16. Bg4 Rae8 17. exf6 Rxf6 18. g3 Bc6 19. Qc2 e5 20. Rae1 e4 21. c4
1/2-1/2

[Event "SR 3. liga A2 2013/2014"]
[Site "?"]
[Date "2014.02.02"]
[Round "8.2"]
[White "Jarabek, Milan"]
[Black "Jozefovic, Milan"]
[Result "1/2-1/2"]
[WhiteElo "1744"]
[BlackElo "1900"]
[PlyCount "146"]
[EventDate "2013.??.??"]

1. e4 e5 2. d4 exd4 3. c3 Qe7 4. Bd3 dxc3 5. Nxc3 c6 6. Qe2 d6 7. Nf3 Bg4 8.
O-O Nd7 9. Bf4 Ne5 10. Bxe5 dxe5 11. Rfd1 O-O-O 12. a4 Qf6 13. a5 Bxf3 14. gxf3
Bd6 15. Rac1 Kb8 16. Na4 Bc7 17. b4 Ne7 18. Nc5 Ng6 19. Ba6 Nf4 20. Qf1 Qg5+
21. Kh1 bxa6 22. Nxa6+ Kc8 23. Nc5 Kb8 24. Nd7+ Rxd7 25. Rxd7 Rd8 26. Rxd8+
Qxd8 27. Rxc6 Qd3 28. Kg1 Kb7 29. Qxd3 Nxd3 30. Rc4 a6 31. Kf1 Bd6 32. Ke2 Nxb4
33. Kd2 Nc6 34. Kc3 Nxa5 35. Ra4 Nc6 36. Kc4 Ne7 37. Ra1 Kb6 38. Rd1 Kc6 39.
Ra1 Kb6 40. Rd1 Bc5 41. Rg1 g6 42. Rb1+ Kc6 43. Ra1 Bxf2 44. Rxa6+ Kd7 45. Rf6
Ke8 46. f4 Ng8 47. Ra6 Nh6 48. fxe5 Ng4 49. Kd5 Ke7 50. h3 Ne3+ 51. Kd4 Nc2+
52. Kc3 Ne3 53. Kd3 Ng2 54. Ke2 Bd4 55. Kf3 Nh4+ 56. Kg4 Ng2 57. Kf3 Ne3 58.
Kf4 Nc4 59. Kg5 Be3+ 60. Kg4 Nxe5+ 61. Kg3 Nd7 62. h4 h5 63. Kf3 Bd4 64. Kf4
Be5+ 65. Kg5 Bf6+ 66. Kh6 Bxh4 67. Rxg6 fxg6 68. Kxg6 Bf6 69. Kxh5 Ke6 70. Kg4
Ke5 71. Kf3 Nc5 72. Ke3 Bg5+ 73. Kf3 Nxe4 1/2-1/2

[Event "SR 3. liga A2 2013/2014"]
[Site "?"]
[Date "2014.02.02"]
[Round "8.2"]
[White "Brunovsky, Peter"]
[Black "Hrubsa, Marian"]
[Result "1-0"]
[WhiteElo "1829"]
[BlackElo "1801"]
[PlyCount "89"]
[EventDate "2013.??.??"]

1. d4 d5 2. Nf3 e6 3. Bf4 Nf6 4. e3 Bd6 5. Bg5 c5 6. c3 cxd4 7. exd4 Nbd7 8.
Bd3 Qc7 9. Nbd2 b6 10. Bh4 Bb7 11. Rc1 Rc8 12. O-O O-O 13. Re1 Bf4 14. Bg3 Ng4
15. Bxh7+ Kh8 16. Bd3 Ndf6 17. Ne5 Bxg3 18. hxg3 Nh6 19. g4 Nh7 20. f4 g6 21.
g5 Nf5 22. g4 Nd6 23. Qe2 Kg7 24. Rf1 Rh8 25. Kg2 Nf8 26. Rh1 Nh7 27. Rh3 Nc4
28. Ndxc4 dxc4+ 29. Be4 b5 30. a3 Rce8 31. Rch1 a6 32. Qf3 Ba8 33. Rh6 Bxe4 34.
Qxe4 Qd6 35. R1h3 Qd5 36. Qxd5 exd5 37. Kf2 Rd8 38. Rh1 Rde8 39. Nd7 Re4 40.
Rxh7+ Rxh7 41. Rxh7+ Kxh7 42. Nf6+ Kg7 43. Nxe4 dxe4 44. Ke3 f5 45. gxf6+ 1-0

[Event "SR 3. liga A2 2013/2014"]
[Site "?"]
[Date "2014.02.02"]
[Round "8.2"]
[White "Vogl, Zdenek"]
[Black "Valla, Tomas"]
[Result "0-1"]
[WhiteElo "1899"]
[BlackElo "1814"]
[PlyCount "80"]
[EventDate "2013.??.??"]

1. e4 c5 2. Nf3 g6 3. d4 cxd4 4. Nxd4 Bg7 5. Be3 Nc6 6. c3 Nf6 7. Nd2 O-O 8.
Be2 d5 9. Nxc6 bxc6 10. e5 Nd7 11. f4 e6 12. O-O a5 13. Nb3 Qe7 14. Qe1 Re8 15.
Qf2 Bf8 16. Rab1 c5 17. Bb5 c4 18. Nd4 Bb7 19. b3 Rec8 20. b4 Qd8 21. bxa5 Rxa5
22. Bxd7 Qxd7 23. Qb2 Bc6 24. Nxc6 Qxc6 25. Qc2 Raa8 26. Ra1 Bc5 27. Kf2 Ra6
28. Bxc5 Qxc5+ 29. Kf3 Ra3 30. Rfc1 d4 31. Qe4 d3 32. Rcb1 Rd8 33. Qb7 d2 34.
Qb2 Rd3+ 35. Kg4 h5+ 36. Kg5 Kg7 37. Qb7 Ra7 38. Qb4 Qc7 39. f5 Qxe5 40. Rf1
f6+ 0-1

[Event "SR 3. liga A2 2013/2014"]
[Site "?"]
[Date "2014.02.02"]
[Round "8.2"]
[White "Zajicek, Ferdinand"]
[Black "Harastova, Viera"]
[Result "1/2-1/2"]
[WhiteElo "1823"]
[BlackElo "1877"]
[PlyCount "57"]
[EventDate "2013.??.??"]

1. e4 e5 2. Nf3 Nc6 3. Bc4 Be7 4. Nc3 Nf6 5. a3 d6 6. h3 Be6 7. Qe2 h6 8. O-O
O-O 9. Re1 Qd7 10. Qf1 Nh5 11. Nd5 Kh8 12. d3 f5 13. Nxe7 Nxe7 14. Bxe6 Qxe6
15. Qe2 f4 16. Nh4 Nf6 17. Nf3 g5 18. Nh2 h5 19. f3 Rg8 20. Kf2 Rg6 21. Rh1 Kg7
22. Bd2 Nc6 23. Bc3 Rg8 24. Rag1 Kf7 25. Qd1 g4 26. hxg4 hxg4 27. Nxg4 Nxg4+
28. fxg4 Rxg4 29. Qf3 1/2-1/2

[Event "SR 3. liga A2 2013/2014"]
[Site "?"]
[Date "2014.02.02"]
[Round "8.2"]
[White "Kubik, Peter"]
[Black "Kanka, Tomas"]
[Result "1/2-1/2"]
[WhiteElo "1824"]
[BlackElo "1688"]
[PlyCount "58"]
[EventDate "2013.??.??"]

1. e4 Nc6 2. d4 d5 3. e5 Bf5 4. Bb5 e6 5. Nf3 h6 6. O-O Nge7 7. Nbd2 a6 8. Ba4
b5 9. Bb3 Na5 10. c3 Nxb3 11. Nxb3 Nc6 12. h3 Be7 13. Re1 O-O 14. Re3 Kh8 15.
Nc5 Bxc5 16. dxc5 Bg6 17. Nd4 Na5 18. b3 Qd7 19. Rg3 Rg8 20. h4 Bh7 21. Bf4 Nc6
22. h5 Ne7 23. Qg4 Rab8 24. a3 a5 25. Kh2 b4 26. axb4 axb4 27. cxb4 Rxb4 28.
Ra6 Nc8 29. c6 Qe8 1/2-1/2

[Event "SR 3. liga A2 2013/2014"]
[Site "?"]
[Date "2014.02.02"]
[Round "8.3"]
[White "Sekera, Branislav"]
[Black "Abel, Peter"]
[Result "1/2-1/2"]
[WhiteElo "2171"]
[BlackElo "2188"]
[PlyCount "192"]
[EventDate "2013.??.??"]

1. d4 Nf6 2. Nf3 d5 3. c4 e6 4. e3 Nbd7 5. Nc3 c6 6. Qc2 Bd6 7. g4 h6 8. Bd2
Qe7 9. O-O-O Nxg4 10. Be1 f5 11. Kb1 Nf8 12. h3 Nf6 13. Ne5 Bd7 14. c5 Bxe5 15.
dxe5 Ne4 16. Na4 Ng5 17. Be2 Nf7 18. f4 g5 19. Qb3 Rb8 20. Bh5 Nh7 21. Ba5 Bc8
22. Bb4 O-O 23. Nc3 Bd7 24. Ne2 b6 25. Qc3 a5 26. Ba3 b5 27. b4 axb4 28. Bxb4
Ra8 29. Nd4 Nd8 30. Rdg1 Be8 31. Bd1 Rf7 32. Qe1 Rg7 33. Rg2 Nb7 34. Bc2 Bd7
35. Rhg1 Rf8 36. Nxb5 Rb8 37. Nd4 Be8 38. Bb3 Nf8 39. Qc3 Qd8 40. e4 fxe4 41.
h4 e3 42. hxg5 h5 43. Kc1 Qd7 44. a3 Ra8 45. Bc2 Bg6 46. Rh2 Qf7 47. Qxe3 Bxc2
48. Rxc2 Ng6 49. Rf2 Ne7 50. Qh3 Nf5 51. Nxf5 Qxf5 52. Qxf5 exf5 53. Rh1 Na5
54. Rxh5 Nb3+ 55. Kb2 Nd4 56. Rfh2 Kf7 57. Bc3 Ne6 58. Rh6 d4 59. Rf6+ Ke7 60.
Bb4 Nxf4 61. Rxc6 Kd7 62. Rd6+ Kc7 63. Rxd4 Ne6 64. Rd6 Nxg5 65. Rg2 Rag8 66.
Ba5+ Kb7 67. Bc3 Ne4 68. Rxg7+ Rxg7 69. c6+ Kb6 70. Bd4+ Kb5 71. Rh6 Rc7 72.
Kb3 Nd2+ 73. Kc3 Ne4+ 74. Kd3 Rc8 75. Rh5 Kxc6 76. Rxf5 Nc5+ 77. Bxc5 Kxc5 78.
Ke4 Ra8 79. Rf3 Ra4+ 80. Kf5 Kd5 81. Rd3+ Kc4 82. Rg3 Kd5 83. e6 Kd6 84. Rd3+
Ke7 85. Rd7+ Ke8 86. Rd3 Ke7 87. Ke5 Ra6 88. Rd7+ Ke8 89. Rd3 Ke7 90. Rh3 Ra5+
91. Kd4 Kxe6 92. Kc4 Kd6 93. Kb4 Ra8 94. Rh6+ Kc7 95. a4 Rg8 96. Kb5 Kb7
1/2-1/2

[Event "SR 3. liga A2 2013/2014"]
[Site "?"]
[Date "2014.02.02"]
[Round "8.3"]
[White "Stepanovic, Branislav"]
[Black "Kavon, Rastislav"]
[Result "1/2-1/2"]
[WhiteElo "1999"]
[BlackElo "2026"]
[PlyCount "85"]
[EventDate "2013.??.??"]

1. e4 e5 2. Nf3 Nc6 3. Bb5 a6 4. Ba4 Nf6 5. O-O b5 6. Bb3 Bc5 7. c3 d6 8. d4
Bb6 9. dxe5 Nxe5 10. Nxe5 dxe5 11. Qxd8+ Kxd8 12. Bxf7 Rf8 13. Bd5 Nxd5 14.
exd5 Bb7 15. Bg5+ Kd7 16. Na3 Bxd5 17. Nc2 Rf7 18. Be3 Bxe3 19. Nxe3 Be6 20.
Rfd1+ Kc6 21. Rd2 a5 22. b3 Rd7 23. Rxd7 Bxd7 24. a3 Be6 25. b4 axb4 26. cxb4
Kb6 27. Kf1 c5 28. bxc5+ Kxc5 29. Ke2 Kd4 30. Kd2 Rf8 31. f3 e4 32. Nc2+ Kc5
33. Re1 exf3 34. Rxe6 f2 35. Ne3 f1=Q 36. Nxf1 Rxf1 37. Kc3 Rf2 38. Re5+ Kb6
39. Rg5 g6 40. h4 Ka5 41. Kb3 Re2 42. h5 gxh5 43. Rxh5 1/2-1/2

[Event "SR 3. liga A2 2013/2014"]
[Site "?"]
[Date "2014.02.02"]
[Round "8.3"]
[White "Kucharek, Jaroslav"]
[Black "Manak, Jozef"]
[Result "1-0"]
[WhiteElo "2074"]
[BlackElo "1998"]
[PlyCount "47"]
[EventDate "2013.??.??"]

1. d4 Nf6 2. c4 e6 3. Nc3 d5 4. cxd5 exd5 5. Bg5 Be7 6. e3 O-O 7. Qc2 c6 8. Bd3
h6 9. Bh4 Be6 10. Nf3 Nbd7 11. O-O Rc8 12. h3 Nh5 13. Bxe7 Qxe7 14. Rae1 Nhf6
15. Ne5 c5 16. f4 c4 17. Be2 Nb6 18. Bf3 Qd8 19. g4 Bd7 20. Qg2 Bc6 21. g5 hxg5
22. fxg5 Nh7 23. Nxf7 Qe7 24. Nxd5 1-0

[Event "SR 3. liga A2 2013/2014"]
[Site "?"]
[Date "2014.02.02"]
[Round "8.3"]
[White "Mihalik, Anton"]
[Black "Mackovic, Matus"]
[Result "0-1"]
[WhiteElo "1942"]
[BlackElo "1913"]
[PlyCount "62"]
[EventDate "2013.??.??"]

1. c4 Nf6 2. Nc3 g6 3. Nf3 Bg7 4. e4 d6 5. d4 O-O 6. Be2 Nbd7 7. O-O e5 8. h3
h6 9. Be3 Kh7 10. Qc2 Ng8 11. Rad1 Ne7 12. dxe5 dxe5 13. Rd2 f5 14. Bc5 b6 15.
Bxe7 Qxe7 16. Nd5 Qd8 17. Rfd1 c6 18. Nb4 Qc7 19. exf5 gxf5 20. Qa4 Rf6 21. Ne1
Nc5 22. Qc2 e4 23. a3 Rg6 24. Kh1 Qf4 25. Bf1 Be5 26. g3 Rxg3 27. fxg3 Qxf1+
28. Kh2 f4 29. Rd7+ Bxd7 30. Rxd7+ Nxd7 31. Qxe4+ Kg7 0-1

[Event "SR 3. liga A2 2013/2014"]
[Site "?"]
[Date "2014.02.02"]
[Round "8.3"]
[White "Jakubec, Milan"]
[Black "Gono, Michal"]
[Result "1/2-1/2"]
[WhiteElo "2084"]
[BlackElo "1941"]
[PlyCount "119"]
[EventDate "2013.??.??"]

1. e4 Nf6 2. e5 Nd5 3. Nc3 Nxc3 4. dxc3 d6 5. Bf4 Nc6 6. Nf3 Bg4 7. exd6 cxd6
8. h3 Bf5 9. Bc4 e6 10. O-O d5 11. Bb5 a6 12. Bxc6+ bxc6 13. Nd4 Bg6 14. Nxc6
Qb6 15. Ne5 Qxb2 16. Nxg6 hxg6 17. Qd3 Qb5 18. Qxb5+ axb5 19. Rfb1 Ra4 20. Bd2
Bd6 21. Rxb5 O-O 22. Kf1 Rfa8 23. Rb2 Ba3 24. Rb6 Bc5 25. Rc6 Be7 26. Ke2 Bf6
27. Kd3 Rxa2 28. Rxa2 Rxa2 29. Rc8+ Kh7 30. c4 Ra3+ 31. Ke2 Ra2 32. cxd5 exd5
33. Rc5 Kg8 34. Bf4 Kf8 35. Kd2 d4 36. Be5 Ra1 37. f4 Rg1 38. Bd6+ Ke8 39. g4
Kd7 40. Bb8 Rh1 41. g5 Be7 42. Rd5+ Kc6 43. Rxd4 Rxh3 44. Re4 Kd7 45. Ba7 f6
46. Be3 Rh2+ 47. Kd3 Rg2 48. gxf6 gxf6 49. c4 Rg3 50. Rd4+ Kc6 51. Rd5 Bd6 52.
Ke2 Rg2+ 53. Kd3 Rg3 54. Kd4 Ba3 55. Rb5 Bd6 56. Ra5 Kb6 57. Rd5 Kc6 58. Ra5
Kb6 59. Rb5+ Kc6 60. Ra5 1/2-1/2

[Event "SR 3. liga A2 2013/2014"]
[Site "?"]
[Date "2014.02.02"]
[Round "8.3"]
[White "Nemsak, Denis"]
[Black "Hirmajer, Jan"]
[Result "1-0"]
[WhiteElo "1913"]
[BlackElo "1957"]
[PlyCount "77"]
[EventDate "2013.??.??"]

1. c4 Nf6 2. Nc3 g6 3. e4 d6 4. d4 Bg7 5. f4 O-O 6. Nf3 c5 7. d5 e6 8. Bd3 exd5
9. cxd5 Re8 10. O-O a6 11. a4 Bg4 12. h3 Bxf3 13. Qxf3 Nbd7 14. Bd2 Qb6 15.
Rab1 c4+ 16. Be3 Qb4 17. Bc2 Nc5 18. Bd4 Nb3 19. Bxb3 cxb3 20. Rbd1 Nd7 21.
Bxg7 Kxg7 22. Kh1 b5 23. axb5 a5 24. Qf2 a4 25. Rd4 Qc5 26. Nxa4 Qxb5 27. Nc3
Qb7 28. Rc4 Rec8 29. Qd4+ Kg8 30. Rxc8+ Rxc8 31. e5 Qa6 32. Rd1 Rc4 33. Qe3 Rc8
34. e6 Nc5 35. exf7+ Kxf7 36. f5 gxf5 37. Qh6 Rh8 38. Qg5 Rf8 39. Re1 {Èas} 1-0

[Event "SR 3. liga A2 2013/2014"]
[Site "?"]
[Date "2014.02.02"]
[Round "8.3"]
[White "Lopatievov, Alexander"]
[Black "Slaby, Jozef"]
[Result "1/2-1/2"]
[WhiteElo "1936"]
[BlackElo "1874"]
[PlyCount "103"]
[EventDate "2013.??.??"]

1. c4 Nf6 2. e3 d5 3. cxd5 Nxd5 4. Nc3 e6 5. Nf3 Be7 6. Be2 O-O 7. O-O b6 8. d4
Bb7 9. Nxd5 Bxd5 10. Qc2 Nd7 11. Bd2 Nf6 12. Rfd1 Be4 13. Qc1 Nd5 14. Ne1 a5
15. f3 Bg6 16. e4 Nf6 17. Be3 Qc8 18. Qc6 Qd7 19. Rac1 Qxc6 20. Rxc6 Bd8 21.
Nd3 Nd7 22. Nf4 Ra7 23. Nxg6 hxg6 24. Bb5 e5 25. Rc4 c5 26. dxc5 Nxc5 27. a3
Ne6 28. Rc3 Rb7 29. Rd5 Nd4 30. Rc4 Bf6 31. Bxd4 exd4 32. e5 Bg5 33. g3 Be3+
34. Kg2 Rbb8 35. Rc6 Rfd8 36. Rdd6 Rdc8 37. f4 Bc1 38. Rxd4 Rxc6 39. Bxc6 Bxb2
40. Rd3 Kf8 41. a4 Ke7 42. Kf3 Rd8 43. Rxd8 Kxd8 44. Ke4 Ke7 45. g4 Bc1 46. h4
Bd2 47. Bb5 Be1 48. h5 gxh5 49. gxh5 Bf2 50. f5 Be1 51. Kd5 Bf2 52. Ke4 1/2-1/2

[Event "SR 3. liga A2 2013/2014"]
[Site "?"]
[Date "2014.02.02"]
[Round "8.3"]
[White "Curidlo, Jan"]
[Black "Mackovic, Miroslav"]
[Result "1/2-1/2"]
[WhiteElo "1852"]
[BlackElo "1936"]
[PlyCount "153"]
[EventDate "2013.??.??"]

1. e4 c5 2. Nf3 d6 3. d4 cxd4 4. Nxd4 Nf6 5. Nc3 a6 6. Be2 e6 7. Be3 Be7 8. Qd2
b5 9. a3 Bb7 10. f3 Nc6 11. O-O Ne5 12. Bf2 Nc4 13. Qc1 Qc7 14. Bxc4 bxc4 15.
Re1 O-O 16. Qe3 Nd7 17. Kh1 Rab8 18. Rab1 Ba8 19. b4 cxb3 20. cxb3 Qa5 21. Nc2
Rfc8 22. b4 Qc7 23. Rb3 Bf6 24. Nd4 Nb6 25. Nce2 Nc4 26. Qd3 Qd7 27. Rc1 d5 28.
Rbc3 Qa7 29. Bg1 Qb7 30. R3c2 dxe4 31. fxe4 Ne5 32. Rxc8+ Rxc8 33. Rxc8+ Qxc8
34. Qc3 Qd7 35. Qc2 h6 36. h3 Qb7 37. Ng3 Nd7 38. Nde2 Bh4 39. Be3 Nf6 40. Bf4
Nxe4 41. Nxe4 Qxe4 42. Qxe4 Bxe4 43. Kg1 Be7 44. Kf2 f6 45. g3 e5 46. Bd2 f5
47. Nc3 Bc6 48. Be3 Kf7 49. Bb6 g5 50. Ba5 f4 51. a4 e4 52. b5 axb5 53. axb5
Bc5+ 54. Kg2 f3+ 55. Kf1 Bb7 56. Na4 Bd4 57. Bb6 Bxb6 58. Nxb6 Ke6 59. Kf2 Kd6
60. Na4 h5 61. Ke3 Bc8 62. Nc3 Bb7 63. h4 gxh4 64. gxh4 Kc5 65. Nd1 Kxb5 66.
Kd4 Kb4 67. Nf2 Kb3 68. Ke3 Kc3 69. Nh3 Bc8 70. Nf4 Bg4 71. Nd5+ Kc4 72. Nf4
Kc5 73. Ng6 Bd7 74. Nf4 Be8 75. Nh3 Kd5 76. Nf2 Ke5 77. Nxe4 1/2-1/2

[Event "SR 3. liga A2 2013/2014"]
[Site "?"]
[Date "2014.02.02"]
[Round "8.4"]
[White "Diviak, Rastislav"]
[Black "Sebesta, Radovan"]
[Result "1/2-1/2"]
[WhiteElo "1998"]
[BlackElo "2035"]
[PlyCount "81"]
[EventDate "2013.??.??"]

1. e4 c5 2. Nf3 Nc6 3. d4 cxd4 4. Nxd4 g6 5. c4 Bg7 6. Be3 Nf6 7. Nc3 Ng4 8.
Qxg4 Nxd4 9. Qd1 Nc6 10. Qd2 Qa5 11. Be2 O-O 12. O-O d6 13. Rac1 Be6 14. b3
Rac8 15. Rfd1 Rfe8 16. Nd5 Qxd2 17. Rxd2 b6 18. f4 Bh6 19. Kf2 f5 20. exf5 Bxf5
21. g4 Be6 22. Bf3 Bg7 23. Kg3 Bf7 24. Nc3 Nb4 25. a3 Nc6 26. Nb5 Na5 27. Rd3
a6 28. Bxb6 axb5 29. Bxa5 bxc4 30. bxc4 Rxc4 31. Rxc4 Bxc4 32. Bd5+ Bxd5 33.
Rxd5 Rb8 34. Bb4 Bb2 35. Rd3 Kf7 36. Kf3 Ke6 37. Ke4 Ra8 38. Rb3 Bc1 39. Rc3
Bd2 40. Rb3 Bc1 41. Rc3 1/2-1/2